Formel 1 Top 3 Fahrer aus den USA - Statistiken

Allgemein
  • Dieses Quiz wurde 45 mal gespielt
  • Das Durchschnittsergebnis liegt bei 9 aus 44
Antwortstatistiken
Antwort % Korrekt
Logan Sargeant
89%
Mario Andretti
76%
Michael Andretti
76%
Scott Speed
61%
Phil Hill
45%
Alexander Rossi
34%
Dan Gurney
32%
Eddie Cheever
29%
Richie Ginther
29%
Bill Vukovich
24%
Jim Rathmann
24%
Duane Carter
21%
Peter Revson
21%
Sam Hanks
21%
Troy Ruttman
21%
Jimmy Bryan
18%
Johnnie Parsons
18%
Bob Sweikert
16%
Lee Wallard
16%
Pat Flaherty
16%
Bill Holland
13%
Masten Gregory
13%
Harry Schell
11%
Mark Donohue
11%
Danny Sullivan
8%
Don Freeland
8%
George Follmer
8%
Jack McGrath
8%
Jimmy Davies
8%
Mauri Rose
8%
Tony Bettenhausen
8%
Andy Linden
5%
Art Cross
5%
Bob Bondurant
5%
Bobby Rahal
5%
Bobby Unser
5%
Brett Lunger
5%
Mike Fischer
5%
Mike Nazaruk
5%
Pete Lovely
5%
Ronnie Bucknum
5%
Sam Posey
5%
Walt Hansgen
5%
Jim Hall
3%
Keine übereinstimmenden Quizze gefunden
Verteilung der Resultate
Anzahl Personen mit jedem Resultat
Perzentil nach korrekt beantworteten Fragen
Ihre Resultats-Entwicklung
Sie haben dieses Quiz noch nicht gespielt